000 00365nam a2200157Ia 4500
100 _aSierra/kathy/ Bates/Bert
650 _aJava
942 _cBK
366 _f20
245 _aSun certified programmer for Java 6 study guide
260 _bTata Mc Graw hill Ltd.
_c2008
082 _a5.133
_bSIE
300 _a851
546 _aENGLISH
_cComputers
999 _c20966
_d20966